Sedem farieb dúhy propagačný plagát

Bibliographic Details
Other Authors: Romanovský, Ján, 1916-1989
Format: Photo
Language:Slovak
PhysicalDescription:1 plagát farebný; podklad čiernej farby, text modrej a bielej farby, uprostred náčrt bielej a modrej maňušky v kontúrach 62 x 45 cm
Published: Košice Bábkové divadlo
Subjects:

MARC

LEADER 00000nkm a2200000 a 4500
001 vtls011616652
003 SK-MaSNL
005 20260426015845.0
007 kf bo
008 240409s1997 xo g kuslo
035 |a urn:nbn:sk:snk-km00cqhi 
035 |a urn:nbn:sk:snk-km3lrl6 
035 |a 52AE8009-5CF2-4026-B185-D4687D3E4421 
040 |a SNK  |b slo  |c SNK  |e AACR2 
041 0 |a slo 
043 |a e-xo--- 
044 |a xo  |c SK 
072 7 |a 394  |x Verejný a spoločenský život. Každodenný život  |2 konspekt 
072 7 |a 929  |x Biografie  |2 konspekt 
080 |a 394.46  |2 2011 
080 |a (084.5)  |2 2011 
080 |a 929  |2 2011 
245 0 0 |a Sedem farieb dúhy  |b propagačný plagát  |h grafika  |c autor: J. Romanovský 
260 |a Košice  |b Bábkové divadlo 
300 |a 1 plagát  |b farebný; podklad čiernej farby, text modrej a bielej farby, uprostred náčrt bielej a modrej maňušky v kontúrach  |c 62 x 45 cm 
648 7 |2 SNKPH 
650 0 7 |a bábkové divadlo  |2 SNKPH  |9 3309 
651 7 |a Slovensko  |2 SNKPH  |9 14231 
655 7 |a plagáty  |2 SNKPH  |9 70571 
700 1 |a Romanovský, Ján,  |d 1916-1989  |9 37651 
852 |a Slovenská národná knižnica v Martine 
958 |a CP 
958 |a GBN 
999 |c 1195821  |d 1197751 
952 |a SNKLM  |b SNKLM  |c SNKLM_ST  |y NEVYP  |7 1  |p 17A1201755  |o snklm L 1147  |i snklm 141/1985  |8 7  |0 0  |1 0  |4 0  |d 2017-03-09  |f 1  |l 0  |r 2026-02-24 22:25:48  |w 2026-02-24